Libertad de expresin̤ un ideal en disputa /

Detalles Bibliográficos
Autor principal: Saba, Roberto
Formato: eBook
Lenguaje:español
Publicado: Bogot:̀ Siglo del Hombre Editores, 2020
Materias:
Acceso en línea:Acceso restringido

MARC

LEADER 00000nam a22000007a 4500
005 20210504231236.0
007 cr|||| ||||
008 210504s2020 co |||||s|||| 00||0 spa d
020 |a 978-958-665-593-4 
035 |a 33253 
040 |a vLex 
090 |c 11614  |d 11614 
100 1 |a Saba, Roberto 
245 1 0 |a Libertad de expresin̤  |h [Recurso electrn̤ico] :  |b un ideal en disputa /  |c Roberto Saba 
256 |a Servicio en ln̕ea 
260 |a Bogot:̀  |b Siglo del Hombre Editores,  |c 2020 
300 |a 1 recurso electrn̤ico 
500 |a Las democracias liberales comparten la entronizacin̤ de la libertad de expresin̤ como valor fundamental del sistema polt̕ico. Sin embargo, no todos los que afirman este valor coinciden en su contenido y alcances. Nuestra comprensin̤ acerca del significado de la libertad de expresin̤ y las responsabilidades estatales necesarias para asegurar su goce vara̕ en funcin̤ de la teora̕ que justifique y sustente esa libertad. En el debate jurd̕ico y filosf̤ico, dos familias ter̤icas se han enfrentado por su justificacin̤: una la entiende como expresin̤ de la autonoma̕ de las personas y otra la comprende como una precondicin̤ de la democracia. Estas ideas se ven forzadas a enfrentar un nuevo desafo̕, el surgimiento de los fenm̤enos asociados a la era digital. ¿En qu ̌medida el principio que subyace a la libertad de expresin̤ es independiente o tributario de un contexto de hecho que ha cambiado? ¿Tal como la entienden los defensores de la teora̕ democrt̀ica estaba asociada al surgimiento de los medios de comunicacin̤ masiva o es un valor universal no afectado por el contexto? ¿El surgimiento de internet debera̕ cambiar nuestra comprensin̤ de lo que valoramos cuando protegemos la libertad de expresin̤? Este libro presenta el trabajo de cuatro autores centrales del debate. La seleccin̤ de sus artc̕ulos los encadena de modo que nos transporta a un dil̀ogo entre ellos y sus ideas, nos abre nuevos interrogantes y provee herramientas ter̤icas para la toma de decisiones y de partido frente a los nuevos desafo̕s de la libertad de expresin̤ en el mundo y, en especial, en Amřica Latina. 
506 1 |a Disponible solo en los productos indicados  |d vLex Global  |d vLex Global (Academic Edition, excluding Law Schools)  |d vLex Global (U.S. Academic Edition, Law Schools)  |d vLex Global (U.S. Academic Edition, excluding Law Schools)  |d vLex Global (Academic Edition, Law Schools) 
650 0 4 |a Ciencias sociales  |z Colombia 
650 0 4 |a Humanidades  |z Colombia 
740 0 |a vLex Libros (Servicio en ln̕ea) 
856 4 0 |u https://vlex.com/source/libertad-de-expresion-un-ideal-en-disputa-33253  |z Acceso restringido 
942 |c BOOK 
999 0 |a Social Sciences 
999 0 |a Humanities